|
|
|
|
| LEADER |
00708nab a2200169 i 4500 |
| 001 |
delm87142 |
| 005 |
20191015092417.0 |
| 008 |
191015s1996 hu o 0|| hun d |
| 040 |
|
|
|a SZTE Délmagyarország Archívum
|b hun
|
| 041 |
|
|
|a hun
|
| 100 |
1 |
|
|a Rácz Judit, N.
|
| 245 |
1 |
0 |
|a Ismét Kecskeméti János a polgármester
|h [elektronikus dokumentum] :
|b választás Ópusztaszeren /
|c Rácz Judit, N.
|
| 260 |
|
|
|c 1996-01-08
|
| 300 |
|
|
|a 3
|
| 490 |
0 |
|
|a Délmagyarország
|v 86 No. 6
|
| 695 |
|
|
|a Kecskeméti János, Ópusztaszer, Közigazgatás önkormányzat Ópusztaszer, Közigazgatás helyhatósági választás Ópusztaszer, Közigazgatás önkormányzat polgármester Ópusztaszer
|
| 700 |
0 |
1 |
|a Kecskeméti János
|e aut
|